000
00258nam a22001217a 4500
008
170131b xxu||||| |||| 00| 0 eng d
041
_a
eng
080
_2
24TH
_a
61
100
_a
3
101
_a
SHMI
245
_a
MEDICAL DICTIONARY
_c
DORLAND
942
_2
udc
_c
BK
999
_c
4126
_d
4126